| 000 | 08384 a2200565 4500 | ||
|---|---|---|---|
| 005 | 20090116095731.0 | ||
| 008 | 090116t xxu||||| |||| 00| 0 hin d | ||
| 010 | _aB-292133-161 | ||
| 020 |
_a8173156468 _c400.00 |
||
| 035 | _aB-292133-161 | ||
| 037 | _bप्रभात प्रकाशन, | ||
| 040 |
_adpl _bhn |
||
| 082 | _a954.083 | ||
| 100 | _aसावरकर, विनायक दामोदर | ||
| 245 |
_a1857 का स्वातंत्र्य समर / _bविनाय दामोदर सावरकर |
||
| 260 |
_aनई दिल्ली _bप्रभात प्रकाशन _c2007 |
||
| 270 |
_a4/19 आसफ अली रोड़ _bनई दिल्ली _e110002 |
||
| 300 |
_a423पृ _b22सेमी (सजिल्द) |
||
| 942 |
_adpl _cHN _k/ सावर _2ddc _h954.083 _mसावर |
||
| 999 |
_c12521 _d12521 |
||